000 00780nam a22002537a 4500
001 BR7400288
003 BR-BrBNA
005 20230928084507.0
007 ta
008 230509b bl.||||| |||| 00| 0 por d
040 _aBR-BrBNA
_bpor
_cBiblioteca Nacional de Agricultura
041 _a(Por)
072 _aE10
_b2120
090 _ 2120 BR7400288
110 1 _aGrupo Executivo de Racionalizacao da Cafeicultura, Rio de Janeiro, GB (Brasil)
_95495
245 1 _aProgramacao a ser desenvolvida para execucao do plano de renovacao e revigoramento de cafezais
_bAnexo 1
260 3 _aRio de Janeiro, GB (Brasil):
_c[nd].
300 _a12 p.
500 _aPublished after 1970
650 _aECONOMIA
650 _aCAFE
909 _a202309
_bLucia
_c55
_dLucia Elande
942 _cBK
999 _c19334
_d19334